• 首页
  • 本馆介绍
  • 公告通知
  • 最新文献
  • 馆藏检索
  • 电子资源
  • 读者导购
  • 参考咨询
  • 我的图书馆
  • 登录
  • 详细信息显示
  • 放入我的书架
  • 预约/预借图书
  • 作者相关作品
  • 分类相关作品
  • 丛书相关作品
  • 出版社相关作品

书目信息

  • 表格格式
  • 工作单格式
  • 卡片格式
题名:
电路与电子技术学习辅导及实践指导
    
 
作者: 张虹 , 刘晓亮 主编
分册:  
出版信息: 北京   北京航空航天大学出版社  2015
页数: 222页
开本: 26cm
丛书名:
单 册:
中图分类: TM13 , TN01
科图分类:
主题词: 电路理论--教学参考资料--高等教育 , 电子技术--教学参考资料--高等教育
电子资源:
ISBN: 978-7-5124-1836-3
000 01095nam0 2200277 450
001 757
005 20160908110858.59
010    @a978-7-5124-1836-3@dCNY29.00
100    @a20151125d2015 em y0chiy50 ea
101 0  @achi
102    @aCN@b110000
105    @aa z 000yy
200 1  @a电路与电子技术学习辅导及实践指导@9dian lu yu dian zi ji shu xue xi fu dao ji shi jian zhi dao@f张虹,刘晓亮主编
205    @a5版
210    @a北京@c北京航空航天大学出版社@d2015
215    @a222页@c图@d26cm
300    @a“十二五”普通高等教育本科国家级规划教材
330    @a本书分为三部分包括学习辅导、实习指导和实验指导。分别介绍了电路的基本概念、电路基本分析方法、正弦稳态电路的相量分析法、半导体器件基础、放大电路基础、焊接技术、电子技能实训,以及电路基础实验、数字电子技术实验等内容。
606 0  @a电路理论@j教学参考资料@x高等教育
606 0  @a电子技术@j教学参考资料@x高等教育
690    @aTM13@v5
690    @aTN01@v5
701  0 @a张虹@9zhang hong@c(女,@f1968.1~)@4主编
701  0 @a刘晓亮@9liu xiao liang@4主编
801  0 @aCN@b唐山师范学院图书馆@c20160723
905    @aZUCC@dTM13@e157=5
    
    电路与电子技术学习辅导及实践指导/张虹,刘晓亮主编.-5版.-北京:北京航空航天大学出版社,2015
    222页:图;26cm
    “十二五”普通高等教育本科国家级规划教材
    
    ISBN 978-7-5124-1836-3:CNY29.00
    本书分为三部分包括学习辅导、实习指导和实验指导。分别介绍了电路的基本概念、电路基本分析方法、正弦稳态电路的相量分析法、半导体器件基础、放大电路基础、焊接技术、电子技能实训,以及电路基础实验、数字电子技术实验等内容。
●
相关链接 在E读中查询图书 在五车中查询图书 在当当中查询图书 在豆瓣中查询图书


正题名:电路与电子技术学习辅导及实践指导     索取号:TM13/157=5         预约/预借

序号 登录号 条形码 馆藏地/架位号 状态 备注
1 903315   209033151   第二样本阅览室/ [索取号:TM13/157=5] 在馆    
2 903316   209033160   第三借阅区/ [索取号:TM13/157=5] 在馆    
3 903317   209033179   第三借阅区/ [索取号:TM13/157=5] 在馆    
4 903318   209033188   第三借阅区/ [索取号:TM13/157=5] 在馆    
5 903319   209033197   第三借阅区/ [索取号:TM13/157=5] 在馆    
唐山师范学院图书馆 欢迎您!
大连网信软件有限公司© 版权所有